La cocina colimense : 830 recetas y variados menús /
I tiakina i:
| Kaituhi matua: | |
|---|---|
| Ētahi atu kaituhi: | |
| Hōputu: | Pukapuka |
| Reo: | Pāniora |
| I whakaputaina: |
Colima, México :
edición de autor,
1985, c1985
|
| Putanga: | 4a edición |
| Ngā marau: | |
| Ngā Tūtohu: |
Kāore He Tūtohu, Me noho koe te mea tuatahi ki te tūtohu i tēnei pūkete!
|
MARC
| LEADER | 00000nam^a2200000^a^4500 | ||
|---|---|---|---|
| 001 | 000626316 | ||
| 005 | 20260109000000.0 | ||
| 009 | 20260526154453.489 | ||
| 025 | |a Donación Guillermo Garza Jurado, 1 ejemplar | ||
| 037 | |a Acervo ITESO - Biblioteca | ||
| 041 | |a ESP | ||
| 082 | |a 641. 5097236 |b AHU | ||
| 100 | |a Ahumada Padilla, Guillermina |e (autor) | ||
| 245 | 1 | 3 | |a La cocina colimense : |b 830 recetas y variados menús / |c G. Ahumada Padilla ; pról. de T.E. de la Torre. |
| 250 | |a 4a edición | ||
| 264 | 4 | |a Colima, México : |b edición de autor, |c 1985, c1985 | |
| 300 | |a 183 p. | ||
| 336 | |a texto |b txt |2 rdacontenido | ||
| 337 | |a sin mediación |b n |2 rdamedio | ||
| 338 | |a volumen |b nc |2 rdasoporte | ||
| 649 | |a XX | ||
| 650 | |a Recetarios - |z Colima | ||
| 650 | |a Recetarios - |z México | ||
| 650 | |a Cocina Colimense - |x Recetarios - |x Tema Principal | ||
| 650 | |a Cocina Mexicana - |x Recetarios | ||
| 650 | |a Gastronomía - |z Colima | ||
| 650 | |a Gastronomía - |z México | ||
| 700 | |a Torre, Teresa E. de la |e (prólogo) | ||
| 910 | |a Fondo General | ||
| 920 | |a Impresos - Libros | ||
| 930 | |a Colección General | ||
| 905 | |a 101 | ||
| 901 | |a 626316-10 |b IT1 |c ACC |i D |u 20260109 | ||
| 902 | |a https://opac.biblio.iteso.mx/vufind/Record/000626316 | ||